000 00304nam a2200133Ia 4500
005 20251222155100.0
008 251222s9999||||xx |||||||||||||| ||spa||
082 _aLEN.52
100 _aCERVANTES,Miguel
245 0 _aDon Quijote de la Mancha
250 _a1ra. ed.
264 _bPlaneta
942 _cLIB
999 _c37640
_d37640